| 000 | 00437nam a22001697a 4500 | ||
|---|---|---|---|
| 003 | CEME | ||
| 005 | 20210628203746.0 | ||
| 008 | 210308b xxu||||| |||| 00| 0 eng d | ||
| 020 | _a969-8122-03-6 | ||
| 040 | _c. | ||
| 082 | _a620.110287 ADV'A | ||
| 100 |
_aA. Q. Khan , Anwar, Ul Haq Dr , Habiby, F. Dr _967172 |
||
| 245 | _aAdvanced materials-93 | ||
| 260 |
_aKAHUTTA _bA. Q. KHAN R. L _c1994 |
||
| 300 | _a792P | ||
| 942 |
_cBK _2ddc |
||
| 999 |
_c575010 _d575010 |
||